Manual del Concejal de Juventud / Jordi Aguilar Montferrer
ISBN:
84-87064-13-2
Descripción Física:
176 p. : taules ; 21 cm
MARC
| LEADER | 00000nam a2200000Ia 4500 | ||
|---|---|---|---|
| 001 | 19185 | ||
| 008 | 160829s1994 xx 000 0 cat d | ||
| 020 | |a 84-87064-13-2 | ||
| 080 | |a M-5-425 | ||
| 100 | |a Aguilar Montferrer, Jordi |9 45291 | ||
| 245 | |a Manual del Concejal de Juventud / Jordi Aguilar Montferrer | ||
| 260 | |a Barcelona : |b Fundación Francisco Ferrer, |c 1994 | ||
| 300 | |a 176 p. : |b taules ; |c 21 cm | ||
| 650 | |a Regidors municipals |9 45292 | ||
| 650 | |a Municipis i joventut |9 45293 | ||
| 710 | 2 | |a Fundació Francesc Ferrer i Guàrdia |9 52239 | |
| 901 | |a Arxiu | ||
| 942 | |n 1 | ||
| 952 | |0 0 |1 0 |4 0 |6 M5425 |7 1 |9 52494 |a Arxiu |b Arxiu |d 2016-12-01 |l 0 |o M-5-425 |p 19185 |r 2016-12-01 00:00:00 |w 2016-12-01 |y ARXIU | ||
| 999 | |c 56342 |d 56342 | ||